| 000 | 00689nam a2200229 4500 | ||
|---|---|---|---|
| 003 | OSt | ||
| 005 | 20260530115307.0 | ||
| 008 | 260520b1975 |||ao||| |||| 00| 0 eng d | ||
| 040 |
_aICI _bspa _cICI |
||
| 050 |
_aN390 _bB49 1975 |
||
| 245 | 1 | 0 |
_aBezalel + 70: _bExhibition of bezalel academy of arts and design jerusalem |
| 264 | 1 |
_bAADB Israel _c1975 |
|
| 300 | _a24 páginas | ||
| 336 |
_atexto _2rdacontent |
||
| 337 |
_asin medio _2rdamedia |
||
| 338 |
_avolumen _2rdacarrier |
||
| 650 |
_aEscuelas de arte _zIsrael _932138 |
||
| 650 |
_aDiseño _vExposiciones _93315 |
||
| 650 |
_aArte moderno _ySiglo XX _91863 |
||
| 650 |
_aArtes aplicadas _vExposiciones _932139 |
||
| 942 |
_2lcc _cBK _n1 |
||
| 999 |
_c13133 _d13133 |
||